| 000 | 00592nam a2200121Ia 4500 | ||
|---|---|---|---|
| 008 | 220615s9999||||xx |||||||||||||| ||und|| | ||
| 100 | _aMorsing, Mette | ||
| 245 | 0 |
_aResponsible Management Education _bThe PRME Global Movement |
|
| 546 | _aEnglish[eng] | ||
| 650 | _aPRME||Principles for Responsible Management Education||Responsible management||Responsible management education||Sustainability||UN Global Compact | ||
| 856 | _uhttps://library.oapen.org/bitstream/20.500.12657/52015/1/9781000533125.pdf||https://library.oapen.org/bitstream/20.500.12657/52015/1/9781000533125.pdf | ||
| 942 | _cEB | ||
| 999 |
_c10480 _d10480 |
||